The Hon. Mr; Ja gannathsharker sleth. (Record no. 252205)

MARC details
000 -LEADER
fixed length control field 00511nam a2200181Ia 4500
008 - FIXED-LENGTH DATA ELEMENTS--GENERAL INFORMATION
fixed length control field 090630s9999 xx 000 0 und d
082 ## - DEWEY DECIMAL CLASSIFICATION NUMBER
Item number 349
100 ## - MAIN ENTRY--PERSONAL NAME
Personal name Vedak Gangadhar S.
245 ## - TITLE STATEMENT
Title The Hon. Mr; Ja gannathsharker sleth.
Statement of responsibility, etc Vedak Gangadhar S.
260 ## - PUBLICATION, DISTRIBUTION, ETC. (IMPRINT)
Name of publisher, distributor, etc ---
Date of publication, distribution, etc 1937
300 ## - PHYSICAL DESCRIPTION
Extent 52
600 ## - SUBJECT ADDED ENTRY--PERSONAL NAME
Personal name Vedak Gangadhar S.
630 ## - SUBJECT ADDED ENTRY--UNIFORM TITLE
Uniform title The Hon. Mr; Ja gannathsharker sleth.
655 ## - INDEX TERM--GENRE/FORM
Genre/form data or focus term English.
700 ## - ADDED ENTRY--PERSONAL NAME
Personal name Vedak Gangadhar S.
730 ## - ADDED ENTRY--UNIFORM TITLE
Uniform title The Hon. Mr; Ja gannathsharker sleth.
942 ## - ADDED ENTRY ELEMENTS (KOHA)
Koha item type Book
Holdings
Withdrawn status Lost status Damaged status Not for loan Home library Current library Date acquired Cost, normal purchase price Total Checkouts Full call number Barcode Date last seen Cost, replacement price Price effective from Koha item type
        Sarvajanik Wachanalaya Shrivardhan Sarvajanik Wachanalaya Shrivardhan 02/08/2004 0.00   349 SAWASHRI-349 06/30/2009 0.00 06/30/2009 Book